Omar Toussoun : brince of Alexandria /

محفوظ في:

المؤلف الرئيسي: Hamouda, Sahar. (مؤلف)

مؤلفون آخرون: Rizq, Yūnān Labīb.

التنسيق: كتاب

اللغة: English

سلاسل: Alexandria and Mediterranean Research Center Monographs ; 1.

الموضوعات:

الوسوم: إضافة وسم

لا توجد وسوم, كن أول من يضع وسما على هذه التسجيلة!

رقم الطلب: DT154 .A4 A41 v.1

LEADER 01070nam a22002537a 4500
003 OSt
005 20260112112822.0
008 260112t2004 ua g 000 0beng d
040 |c ARCE Library 
043 |a f-ua--- 
050 1 4 |a DT154 .A4  |b A41 v.1 
100 1 |6 880-01  |a Hamouda, Sahar.  |e author 
245 1 0 |a Omar Toussoun :   |b brince of Alexandria /   |c Sahar Hamouda ; foreword by Younan Labib Rizk. 
264 1 |a Alexandria :   |b [The Alexandria and Mediterranean, Research Center Monographs],   |c 2004. 
300 |a 113 pages ;   |c 22 cm. 
490 1 |a Alexandria and Mediterranean Research Center Monographs ;   |v 1. 
600 1 0 |a Ṭūsūn, ʻUmar,  |c prince,  |d 1872-1944.  |9 41355 
650 0 |a Politicians  |z Egypt  |v Biography.  
700 1 |a Rizq, Yūnān Labīb. 
830 0 |a Alexandria and Mediterranean Research Center Monographs ;   |v 1. 
880 1 |6 100-01/(3/r  |a حمودة، سحر.‪‪‪‪‪‪‪‪‪‪‪‪‪‪‪‪‪‪‪‪‪‪‪‪‪‪‪‪‪‪‪‪‪‪‪‪‪‪‪‪‪‪‪ 
901 |a reviewed 
942 |2 lcc  |c BK 
999 |c 13487  |d 13487